000 00536nam a22001577a 4500
082 _a621.41
_bDEE
100 _aDeepak Kumar (362796)
_9128211
245 _aWind Turbine Blade Section Optimization Shape Using Improved Genetic Algorithm by Coupling Parameterization /
264 _aIslamabad :
_bUSPCAS-E, NUST
_cDec, 2024
300 _axiv, 50 p.
_e+CD
520 _aTH-604
650 _aMS ESE Thesis
650 _aMS Thesis
_918721
700 _aSupervisor: Dr. Majid Ali Co-Supervisor: Dr Sehar Shakir
_9128212
942 _2ddc
_cTHE
999 _c613259
_d613259